Computer systems performance evaluation /

Saved in:
Bibliographic Details
Main Author: Ferrari, Domenico, 1940-
Format: Book
Language:English
Published: Englewood Cliffs, N.J. : Prentice-Hall, c1978.
Subjects:
LEADER 01024nam a2200277 a 4500
001 c000328458
003 CARM
005 20001004213455.0
008 770920s1978 njua b 001 0 eng
019 1 |a 27518895  |z 1028464  |z 23877434  |5 LACONCORD2021 
020 |a 0131651269 
035 |a (OCoLC)3327337  |5 LACONCORD2021 
040 |a LC  |b eng  |c LC  |d NUN 
050 4 |a QA76.9.E94  |b F47 
050 0 0 |a QA76.9.E94  |b F47 
082 0 4 |a 621.3819/58 
100 1 |a Ferrari, Domenico,  |d 1940- 
245 1 0 |a Computer systems performance evaluation /  |c Domenico Ferrari. 
260 |a Englewood Cliffs, N.J. :  |b Prentice-Hall,  |c c1978. 
300 |a xxi, 554 p. :  |b ill. ;  |c 25 cm. 
500 |a Includes index. 
504 |a Bibliography: p. 530-539. 
650 0 |a Electronic digital computers  |x Evaluation. 
852 8 |b CARM  |h A1:AP13D0  |i C09264  |p 0347724  |f BK 
999 f f |i 930a426d-eaf3-5a52-98c8-74f87fa83256  |s 7d8d0f13-327b-531e-8455-80b268008d75 
952 f f |p Can circulate  |a CAVAL  |b CAVAL  |c CAVAL  |d CARM 1 Store  |e C09264  |f A1:AP13D0  |h Other scheme  |i book  |m 0347724